| 000 | 00631nam a2200241Ia 4500 | ||
|---|---|---|---|
| 003 | OSt | ||
| 005 | 20220926012110.0 | ||
| 006 | a|||||r|||| 00| 0 | ||
| 007 | ta | ||
| 008 | 220923b |||||||| |||| 00| 0 eng d | ||
| 037 | _cGeneral Book | ||
| 040 |
_aRTL _cRTL _beng |
||
| 041 |
_2eng _aeng |
||
| 082 | _aB33, K2 | ||
| 100 |
_aNielsen Kaj L _9148444 |
||
| 245 | 0 | _aDifferential equations | |
| 260 |
_aNew York _bBarnes and Noble _c1962 |
||
| 300 |
_axii,262p _ccm. |
||
| 490 | _aCollege Outline Series | ||
| 650 | _aEquations | ||
| 942 |
_hB33, K2 _cGB _2CC |
||
| 999 |
_c621678 _d621678 |
||